| 000 | 00377nam a2200145 i 4500 | ||
|---|---|---|---|
| 001 | bg | ||
| 100 | 1 | _aPILAWSKI, B. | |
| 245 | 0 |
_aObliczanie efektów ekonomicznych postępu techniczego w przedsiębiorstwie / _cB.Pilawski. |
|
| 250 | _aWyd.5 zm. | ||
| 260 |
_aWarszawa, _c1990. |
||
| 040 | _cBPK | ||
| 041 | _apol | ||
| 942 | _cKS | ||
| 008 | s pl f |000 0 pol | ||
| 999 |
_c29091 _d29091 |
||
| 856 |
_uhttp://koha.tu.koszalin.pl/cgi-bin/koha/opac-detail.pl?biblionumber=29091 _yKatalog online BPK |
||